000 00523cam a2200205 4500
001 D827
008 090401t1983 xxu||||| |||| 00| 0 eng d
035 _a(Sirsi) u48282
041 _aeng
050 _a658.1552
100 _aAhuja, Hira N
245 _aSucessful methods in cost engineering
260 _aNew York
_bJohn Wiley and Sons
_c1983
300 _axv. 379p. 24cm
350 _a37.3
490 _aConstruction Management and Engineering
700 _aWalsh, Michael A
942 _n0
948 _c04/03/1997
999 _c92315
_d92315